000
00317nam a2200133Ia 4500
008
150731s2011 xx 000 0 und d
082
_a
612
_b
U 11 B
100
_a
BIJLANI, R.L.
245
_a
UNDERSTANDING MEDICAL PHYSIOLOGY
250
_a
4 TH
260
_b
JAPYE PUB. INDIA
_c
2011
300
_a
810
942
_2
ddc
_c
BK
999
_c
7974
_d
7974